Influence of processing parameters on the microstructure of Fe-Zn alloy layer on hot-dip coated high carbon steel wires

Enregistré dans:
Détails bibliographiques
Auteur principal: Pytel, Samuel (Auteur)
Autres auteurs: Gogola, Peter (Directeur de thèse)
Format: Manuscrit Livre
Langue:slovaque
anglais
Publié: 2020
Sujets:
Accès en ligne:http://is.stuba.sk/zp/portal_zp.pl?podrobnosti=151382
Tags: Ajouter un tag
Pas de tags, Soyez le premier à ajouter un tag!

MARC

LEADER 00000ntm a22000003a 4500
001 stuzp78695
003 SK-STU
005 20200704212304.8
007 ta
008 150427s2015----xo-----f-mn---000-0-slo-d
040 |a STU  |b slo 
041 0 |a eng 
100 1 |a Pytel, Samuel  |u 061000  |k Z4  |4 aut  |U MTF Materiálovotechnologická fakulta  |T MTF Ústav materiálov  |X 80140  |U M1000  |Y 81  |7 80140 
242 0 1 |a Vplyv parametrov výroby na mikroštruktúru Fe-Zn zliatinovej vrstvy žiarovo zinkovaných drôtov z vysoko-uhlíkovej ocele  |y slo 
245 1 0 |a Influence of processing parameters on the microstructure of Fe-Zn alloy layer on hot-dip coated high carbon steel wires 
260 |c 2020 
650 4 |a žiarové zinkovanie  |2 slo 
650 4 |a zliatinová vrstva  |2 slo 
650 4 |a drôty z vysoko-uhlíkovej ocele  |2 slo 
650 4 |a hot-dip galvanising  |2 eng 
650 4 |a intermetallic alloy layer  |2 eng 
650 4 |a high-carbon steel wires  |2 eng 
700 1 |a Gogola, Peter  |u 061000  |k Z2  |4 ths  |U MTF Materiálovotechnologická fakulta  |T MTF Ústav materiálov  |X 27985  |U M1000  |Y 81  |7 A000027985 
856 4 |u http://is.stuba.sk/zp/portal_zp.pl?podrobnosti=151382 
996 |c M* DP-14399  |l MMSKP  |s P  |a 0  |w stuzp78695_0001